zpět

Detail výsledku týmu

Auto Da Fé ST, Kladno

Datum a čas kvízu

35.5 Celkem bodů Celkový počet nahraných bodů na tomto kvízu bez doplňovacích otázek.
9. Pořadí na kvízu Konečné umístění týmu na tomto kvízu.

Zaznamenané odpovědi

# Otázka Odpověď Body Výsledky
1. Minulý týden bylo veřejnosti o... Michael Žantovský 0
2. Britský inženýr Michael Wallhe... popelnici 0
3. Doplňte název filmu, který měl... paralelními světy 0
4. 56letý politik a advokát Zdeně... Hospodářská komora (ČR) 0
5. Poměrně sledovanou událostí by... druhý 0
6. Pánové Svěrák, Smoljak a Cimrm... Bodamské jezero, řeka Rýn 1
7. Napište jméno českého národníh... Miroslav Tyrš 0
8. Nejstarší historiky doloženou... Drahomíra (ze Stodor) 1
9. Významní Češi získali od svého... C 1
10. Své místo v Českém nebi má tak... Koňský trh, Dobytčí trh 1